000 00685nam a2200289Ia 4500
005 20260324144131.0
008 008 260324s9999 xx 000 0 eng d
020 _a9780429504822
037 _aEBOOK
040 _aCRL
040 _beng
040 _cCRL
041 _2eng
041 _aeng
084 _qCRL
100 _aBernadette Walsh
_91218205
245 0 _aMy Language, Our Language
245 0 _bMeeting Special Needs in English 11-16
260 _bTaylor and Francis
260 _c1989
365 _a
365 _b170
856 _uhttp://www.taylorfrancis.com/books/9780429504822
942 _cEBOOK
999 _c1824431
_d1824431